| 000 | 00806nas a2200265 4500 | ||
|---|---|---|---|
| 001 | BR9800990 | ||
| 003 | BR-BrBNA | ||
| 005 | 20231205100909.0 | ||
| 007 | ta | ||
| 008 | 230509b bl.|||p| |||| 00| 00por d | ||
| 040 |
_aBR-BrBNA _bpor _cBiblioteca Nacional de Agricultura |
||
| 041 | _a(Pt) | ||
| 072 | _aF60 | ||
| 100 | 1 | _aBrancher, N. | |
| 100 | 1 | _aAugustin, E. | |
| 100 | 1 | _aRaseira, A. | |
| 245 | 1 | _aVariabilidade isoenzimatica em aracazeiro (Psidium cattleyanum Sabine), em diferentes epocas e genotipos | |
| 650 | _aAraca | ||
| 650 | _aEletroforese | ||
| 650 | _aIsoenzima | ||
| 650 | _aGenotipo | ||
| 773 | 0 |
_tRevista Brasileira de Fruticultura (Brazil) _xISSN 0100-2945 _g(Dec 1996), v. 18(3) p. 403-412 _wBR9800990 |
|
| 909 |
_a202311 _bLúcia _c55 _dLúcia Elande |
||
| 942 |
_2AGRIS _n0 _cANA |
||
| 999 |
_c158678 _d158678 |
||